003710000a2200121000450000500170000010000230001724501160004026000470015630000110020304000080021436500130022265000140023520120302064824.0 a Patwardhan, Ajeet a KulDaivat : Chitpawan kokanastha brahman kutumbiyanchya kuldaivatanchi sampurna sachitra mahiti denara grantha aMiraj : Yashwant industrial works pvt.Ltd. a152 p. amar bRs.250/- aKuldaivat